Obchodné aktivity
Profilovanie a činnosť Prvej komunálnej banky, a.s. Žilina na území celého Slovenska. Zameranie obchodných aktivít banky na rozvojové programy miest a obcí, ktoré tvoria hlavnú časť klientely. Poskytovanie úverov mestám a obciam.
Salvato in:
| Autore principale: | |
|---|---|
| Natura: | Capitolo di libro |
| Lingua: | slovacco |
| Soggetti: | |
| Tags: |
Nessun Tag, puoi essere il primo ad aggiungerne!!
|
MARC
| LEADER | 00000naa a2200000 4500 | ||
|---|---|---|---|
| 001 | r017871 | ||
| 005 | 20221213101348.2 | ||
| 041 | 0 | |a slo | |
| 044 | |a SK | ||
| 245 | 1 | 0 | |a Obchodné aktivity |c S. Ulaher |
| 520 | |a Profilovanie a činnosť Prvej komunálnej banky, a.s. Žilina na území celého Slovenska. Zameranie obchodných aktivít banky na rozvojové programy miest a obcí, ktoré tvoria hlavnú časť klientely. Poskytovanie úverov mestám a obciam. | ||
| 610 | 2 | 0 | |a Prvá komunálna banka, a.s. Žilina |
| 610 | 2 | 0 | |a banky komunálne |
| 610 | 2 | 0 | |a Slovensko |
| 610 | 2 | 0 | |a úver bankový |
| 610 | 2 | 0 | |a programy rozvojové |
| 610 | 2 | 0 | |a úverovanie |
| 100 | 1 | |a Ulaher, S. | |